Polyanthea sacrorum canonum coordinatorum qui in conciliis generalibus ac provincialibus, in oriente ac occidente celebratis,...

Detalles Bibliográficos
Autor principal: PARAVICINO, Juan Pablo
Formato: Libro
Publicado: Colonia 1728
Materias:
Colección:Banco de datos
Acervo:Biblioteca del Convento de Santa Mónica de la Ciudad de Puebla. Puebla
Descripción Física:t. I
Tema general:Derecho Eclesiástico
Notas:Regular. B6, 1.
LEADER 00735nam a22002050004500
035 |a 51217 
036 |a 985 
100 1 |a PARAVICINO, Juan Pablo 
245 1 0 |a Polyanthea sacrorum canonum coordinatorum qui in conciliis generalibus ac provincialibus, in oriente ac occidente celebratis,... 
260 |a Colonia  |b imp. Juan Schelebusch e Hijo  |c 1728 
300 |a t. I 
500 |a Regular. B6, 1. 
650 1 0 |a Derecho Eclesiástico 
949 |a CRP 
959 |a Ex convento de Santa Mónica. Puebla, Puebla  |b CCC5 
960 |a Convento de Santa Mónica de la ciudad de Puebla  |b DD88 
961 |a Franciscana  |b OF 
942 |c CRP-SM 
943 |g Biblioteca del Convento de Santa Mónica de la Ciudad de Puebla. Puebla 
999 |c 961555  |d 961555